[Event "Quebec-ch classe"]
[Site "Montreal"]
[Date "2013.01.20"]
[Round "4.5"]
[White "Robichaud, Louis"]
[Black "Guierguiev, Valentin"]
[Result "1-0"]
[WhiteElo "2032"]
[BlackElo "1938"]
[PlyCount "95"]
[EventDate "2013.01.18"]
[EventType "swiss"]
[EventRounds "5"]
[EventCountry "CAN"]
[SourceTitle "EXT 2022"]
[Source "ChessBase"]
[SourceDate "2021.10.06"]
[SourceVersion "1"]
[SourceVersionDate "2021.10.06"]
[SourceQuality "1"]

1. e4 g6 2. d4 Bg7 3. f4 c5 4. dxc5 Qa5+ 5. Nc3 Nf6 6. Bd3 Nc6 7. Nf3 Qxc5 8. Qe2 d6 9. Be3 Qb4 10. 0-0 0-0 11. a3 Qa5 12. b4 Qh5 13. h3 b6 14. b5 Ne8 15. e5 Na5 16. Ne4 Bb7 17. Kh2 f5 18. exf6 Nxf6 19. Nxf6+ Bxf6 20. g4 Qd5 21. Rad1 Qe6 22. Bd2 Qxe2+ 23. Bxe2 Rac8 24. Bxa5 bxa5 25. c4 Bxf3 26. Rxf3 Rc5 27. g5 Bb2 28. Rb3 Bg7 29. Re3 Rxf4 30. Rxe7 Be5 31. Kg2 Bd4 32. Kg3 Rcf5 33. Bg4 Bf2+ 34. Kg2 Rxg5 35. Rxd6 h5 36. Rd8+ Rf8 37. Rdd7 Rf4 38. Re8+ Rf8 39. Rxf8+ Kxf8 40. Kxf2 hxg4 41. hxg4 Rxg4 42. Rxa7 Rxc4 43. b6 Rc2+ 44. Kg3 Rc3+ 45. Kf4 Rc4+ 46. Ke5 Rc5+ 47. Kd4 Rb5 48. b7 1-0